000 00556nam a2200181 i 4500
001 27642
003 ES-MaACL
005 20230906153654.0
007 t|
008 030115s1856 fr ||||1| fre d
100 1 _aAudin, Jean-Marie-Vincent.
_923850
245 1 0 _aHistoire de la vie des ouvrages et des doctrines de Luther /
_cpar Jean-Marie-Vincent Audin.
250 _a7e éd. rev. et corr.
260 _aParis :
_bL. Maison,
_c1856 (
_fSimon Raçon)
300 _a3 v. ;
_c17 cm.
600 1 4 _aLuther, Martin.
_974872
852 _aES-MaACL
_jD-1539-41
999 _c27642
_d27642